00688nam a2200217 i 4500001001100000003000500011005001700016008004100033040002500074082001400099090001900113245007700132264006400209300004800273336002100321337002500342338002300367650005300390942001000443999001700453C2-0281113PPAK20180728011825.0070801s my a|||| ||||| | may d aPPAKbengcPPAKerda04a320.822300a320.8bLAPdKK00aLaporan strategi dan konsep pembangunan rancangan tempatan Bandar Baharu 1aAlor Setar, Kedah : bJabatan Perancangan Bandar dan Desa , a21 pages : bcolour illustrations ; c30 cm 2rdacontentatext 2rdamediaaunmediated 2rdacarrieravolume10aMinicipal corporation ; City planning - Malaysia ddccB c87524d87524